Experimental Pharmacognosy (Record no. 33826)
[ view plain ]
| 000 -LEADER | |
|---|---|
| fixed length control field | 00334nam a2200145Ia 4500 |
| 008 - FIXED-LENGTH DATA ELEMENTS--GENERAL INFORMATION | |
| fixed length control field | 220204s9999 xx 000 0 und d |
| 020 ## - INTERNATIONAL STANDARD BOOK NUMBER | |
| International Standard Book Number | 9788123906492 |
| 082 ## - DEWEY DECIMAL CLASSIFICATION NUMBER | |
| Classification number | 615.5 |
| Item number | Pil-E |
| 100 ## - MAIN ENTRY--PERSONAL NAME | |
| Personal name | Pillai K.K. |
| 245 #0 - TITLE STATEMENT | |
| Title | Experimental Pharmacognosy |
| 250 ## - EDITION STATEMENT | |
| Edition statement | 1ST |
| 260 ## - PUBLICATION, DISTRIBUTION, ETC. | |
| Place of publication, distribution, etc. | Delhi |
| Name of publisher, distributor, etc. | C.B.S. |
| Date of publication, distribution, etc. | 19999 |
| 300 ## - PHYSICAL DESCRIPTION | |
| Extent | 124 |
| 942 ## - ADDED ENTRY ELEMENTS (KOHA) | |
| Koha item type | Book |
| Withdrawn status | Lost status | Damaged status | Not for loan | Collection code | Permanent Location | Current Location | Shelving location | Date acquired | Cost, normal purchase price | Total Checkouts | Full call number | Barcode | Date last seen | Date last checked out | Price effective from | Koha item type |
|---|---|---|---|---|---|---|---|---|---|---|---|---|---|---|---|---|
| Maharishi School of Pharmaceutical Science (Lucknow) | Maharishi School of Pharmaceutical Science (Lucknow) | R10S4 | 2022-02-04 | 375.00 | 2 | 615.1 PIL-E | SOPH1791 | 2025-01-16 | 2025-01-07 | 2022-02-04 | Book | |||||
| Maharishi School of Pharmaceutical Science (Lucknow) | Maharishi School of Pharmaceutical Science (Lucknow) | R10S4 | 2022-02-04 | 375.00 | 1 | 615.1 PIL-E | SOPH1792 | 2025-02-10 | 2025-02-10 | 2022-02-04 | Book | |||||
| Maharishi School of Pharmaceutical Science (Lucknow) | Maharishi School of Pharmaceutical Science (Lucknow) | R10S4 | 2022-02-04 | 375.00 | 615.1 PIL-E | SOPH1793 | 2022-02-04 | 2022-02-04 | Book |